000 01216 a2200265 4500
003 Nust
005 20170207154039.0
010 _a 2003278281
020 _a0596005164 (pbk.)
035 _a(OCoLC)ocm51780648
040 _cNust
082 0 0 _a005.44682
100 1 _aLehey, Greg.
245 1 4 _aThe complete FreeBSD (E-BOOK)
_bdocumentation from the source /
_cGreg Lehey.
246 3 0 _aFreeBSD
250 _a4th ed.
260 _aBeijing ;
_aSebastopol, CA :
_bO'Reilly/Community Press,
_cc2003.
300 _axxxiii, 679 p. :
_bill. ;
_c24 cm.
500 _a"Covers version 5.0"--Cover.
505 _a1: Introduction .(Page- 1) 2: Before you install (Page- 25) 3: Quick installation (Page-. 47) 4: Shared OS installation.(Page- 51) 5: Installing FreeBSD .(Page- 59) : Post-installation configuration .(Page- 91) 7: The tools of the trade (Page- 111) 8: Taking control (Page- 143) 9: The Ports Collection .(Page- 167) 10: File systems and devices .(Page- 181) 11: Disks .(Page-199)
650 0 _aFree computer software.
650 0 _aOperating systems (Computers)
651 _aThe complete FreeBSD (E-BOOK)
856 4 2 _3Publisher description
_uhttp://www.loc.gov/catdir/enhancements/fy0715/2003278281-d.html
942 _2ddc
_cBK
999 _c192506
_d192506